000
00312nam a22001457a 4500
003
OSt
008
241216b |||||||| |||| 00| 0 eng d
041
_a
eng
082
_a
624.15
_b
TEN/FO
100
_a
Teng, Wayne C.
_9
7442
245
_a
Foundation design /
260
_c
1962.
300
_a
466 p.
942
_c
BK
999
_c
18611
_d
18611